| 000 | 00734nam a22002177a 4500 | ||
|---|---|---|---|
| 999 |
_c11237 _d11237 |
||
| 003 | AR-CdUCM | ||
| 008 | 190403b ||||| |||| 00| 0 spa d | ||
| 040 |
_aMUNICIPALIDAD PROVINCIAL DEL CUSCO _cBIBLIOTECA MUNICIPAL DEL CUSCO |
||
| 082 |
_a344.31 / _bP153 / |
||
| 100 |
_aPalacios, Alfredo Lorenzo _928497 |
||
| 245 | _aEl socialismo argentino y las reformas penales / | ||
| 260 |
_aBuenos Aires : _bClaridad, |
||
| 300 |
_a177 páginas ; _c18 cm. |
||
| 440 |
_aColección claridad _99379 |
||
| 505 | _aContenido: I. La pena de muerte -- II. El delito de opinión. | ||
| 650 |
_aPena de muerte _97363 |
||
| 650 |
_aDelitos politicos _928498 |
||
| 650 |
_aSocialismo en Argentina _928499 |
||
| 942 |
_2ddc _cLIBROS |
||
| 945 | _acmm | ||